Taistelu perintökirjasta

Titel: Taistelu perintökirjasta : talonpojat, aateli ja kruununtilojen perinnöksiostot 1700-luvun Suomessa ja Ruotsissa / Petri Talvitie
Verfasser:
Veröffentlicht: Helsinki : Suomalaisen Kirjallisuuden Seura, 2020
Umfang: 297 Seiten : Karten, Diagramme
Format: Buch
Sprache: Finnisch
Schriftenreihe/
mehrbändiges Werk:
Historiallisia tutkimuksia ; 282
Schlagworte:
ISBN: 9789518581959
Buchumschlag
X
alg: 47103761
001A    $03004:29-10-20 
001B    $01999:17-11-20 $t11:34:58.000 
001D    $03004:29-10-20 
001U    $0utf8 
001X    $00 
002@    $0Aau 
002C    $aText $btxt $2rdacontent 
002D    $aohne Hilfsmittel zu benutzen $bn $2rdamedia 
002E    $aBand $bnc $2rdacarrier 
003@    $0471037613 
003O    $01202248068 $aOCoLC 
004A    $A978-951-858-195-9 
007A    $0471037613 $aHEB 
007G    $0DE02007BF1C0CB5D46308C125862200322C31 
009P    $qapplication/pdf $A2 $3Inhaltsverzeichnis $uhttp://scans.hebis.de/HEBCGI/show.pl?47103761_toc.pdf $mV:DE-603;B:DE-Mb50 
010@    $afin 
010E    $erda 
011@    $a2020 
013D    $RSchulbuch $74153488-8 $8Fachkunde [Ts1] $9085644463 
021A    $aTaistelu perintökirjasta $dtalonpojat, aateli ja kruununtilojen perinnöksiostot 1700-luvun Suomessa ja Ruotsissa $hPetri Talvitie 
028A    $BVerfasser $4aut $8Talvitie, Petri [Tp3] $9471036439 
033A    $pHelsinki $nSuomalaisen Kirjallisuuden Seura 
034D    $a297 Seiten 
034M    $aKarten, Diagramme 
036E    $aHistoriallisia tutkimuksia $l282 
037A    $aLiteraturverzeichnis Seite 269-286 
044K    $RFinland $#Finnland $#Finnland $#Großfürstentum Finnland $#Finland 1917- $#Republik Finnland $#Fen-lan $#Finljandija $#Republic of Finland $#Finnlando $#Fennoscandia $#Finlande $#Republiken Finland $#Finnländische Demokratische Republik $#Suomi $#Suomen Tasavalta $74017243-0 $8Finnland [Tg1] $9085040355 
044K    $#Sverigg $#Sweden $#Suède $#Konungariket Sverige $#Švecija $#Königreich Schweden $#Suecia $#Svezia $#Sverige $#Zviedrija $#Zweden $#Szwecja $#Kingdom of Sweden $74077258-5 $8Schweden [Tgz] $9085218812 
044K    $RGrundherrschaft $74158582-3 $8Gutsherrschaft [Ts1] $9085686026 
044K    $ROberschicht $RWeiblicher Adel $RAristokratie $#Nobility $#Noblesse $#Nobiltà $#Nobleza $#Adel $#Adel $#Junker $#Junkertum $#Adliger $#Adeliger $#Adlige $#Uradel $74000464-8 $8Adel [Ts1] $9084991682 
044K    $RBevölkerung $RLändlicher Raum $#Rural population $#Population rurale $#Población rural $#rural population $#Landbevölkerung $#Agrarbevölkerung $#Landbevölkerung $#Dorf Bevölkerung $#Dorfbevölkerung $#Ländliche Bevölkerung $#Ländlicher Raum Bevölkerung $74034229-3 $8Landbevölkerung [Ts1] $908509174X 
044K    $RBesitz $REigentum $RGrundstück $RGrundstücksrecht $RGrundeigentümer $#Land tenure $#Real property $#Propriété foncière $#Terres $#Propriété immobilière $#Propiedad rústica $#Grundeigentum $#Grundbesitz $#Bodeneigentum $#Grundbesitz $#Grundstück Eigentum $#Grundstückseigentum $#Liegenschaftseigentum $#Grundvermögen $#Immobiliareigentum $#Landbesitz $#Landeigentum $#Besitzung $74072130-9 $8Grundeigentum [Ts1] $9085202959 
044K    $RWirtschaftspolitik $#Agriculture and state $#Politique agricole $#Política agraria $#agricultural policies $#Agrarpolitik $#Agrarpolitik $#Landwirtschaftspolitik $74000771-6 $8Agrarpolitik [Ts1] $9084992433 
045F    $a630.9489709033 $eDDC23BSB 
045F/01 $a630.9 
045F/03 $f09033 
045F/03 $g4897 
045F/03 $g48 
045R    $aSozialgeschichte 1700-1800 
046L    $aEnglische Zusammenfassung unter dem Titel: Peasant, Nobility and the Struggle for Crown Farms in Finland and Sweden during the Eighteenth Century 

lok: 47103761 24

exp: 47103761 24 1 #EPN
201B/01 $029-10-20 $t11:12:47.000 
201C/01 $029-10-20 
201U/01 $0utf8 
203@/01 $01126882062 
208@/01 $a29-10-20 $bz 
209A/01 $a20.04466 $du $f050 $h20 04466 $x00 
209C/01 $a20.04466 T $h20 04466 T 
209G/01 $a74273874 $x00 
220C/01 $akoe 
247C/01 $8358050-7 Marburg, Bibliothek des Herder-Instituts Marburg $9102600961
LEADER 00000cam a2200000 c 4500
001 471037613
003 DE-603
005 20201117113458.0
007 tu
008 201029s2020 xx |||| | u00||u|fin c
020 |a 9789518581959 
035 |a (DE-599)HEB471037613 
035 |a (OCoLC)1202248068 
040 |a DE-603  |b ger  |c DE-603  |d DE-603  |e rda 
041 |a fin 
082 0 4 |8 1\u  |a 630.9489709033  |q DE-101  |2 23/BSB 
085 |8 1\u  |b 630.9 
085 |8 1\u  |z 1  |s 09033 
085 |8 1\u  |z 2  |s 4897 
085 |8 1\u  |z 2  |s 48 
100 1 |a Talvitie, Petri  |e Verfasser  |4 aut  |0 (DE-603)471036439  |0 (DE-588)122044443X  |2 gnd 
245 0 0 |a Taistelu perintökirjasta  |b talonpojat, aateli ja kruununtilojen perinnöksiostot 1700-luvun Suomessa ja Ruotsissa  |c Petri Talvitie 
264 1 |a Helsinki  |b Suomalaisen Kirjallisuuden Seura  |c 2020 
300 |a 297 Seiten  |b Karten, Diagramme 
336 |a Text  |b txt  |2 rdacontent 
337 |a ohne Hilfsmittel zu benutzen  |b n  |2 rdamedia 
338 |a Band  |b nc  |2 rdacarrier 
490 0 |a Historiallisia tutkimuksia  |v 282 
500 |a Literaturverzeichnis Seite 269-286 
546 |a Englische Zusammenfassung unter dem Titel: Peasant, Nobility and the Struggle for Crown Farms in Finland and Sweden during the Eighteenth Century 
648 7 |a Sozialgeschichte 1700-1800  |2 gnd 
650 7 |a Gutsherrschaft  |0 (DE-588)4158582-3  |0 (DE-603)085686026  |2 gnd 
650 7 |a Adel  |0 (DE-588)4000464-8  |0 (DE-603)084991682  |2 gnd 
650 7 |a Landbevölkerung  |0 (DE-588)4034229-3  |0 (DE-603)08509174X  |2 gnd 
650 7 |a Grundeigentum  |0 (DE-588)4072130-9  |0 (DE-603)085202959  |2 gnd 
650 7 |a Agrarpolitik  |0 (DE-588)4000771-6  |0 (DE-603)084992433  |2 gnd 
651 7 |a Finnland  |0 (DE-588)4017243-0  |0 (DE-603)085040355  |2 gnd 
651 7 |a Schweden  |0 (DE-588)4077258-5  |0 (DE-603)085218812  |2 gnd 
655 7 |a Fachkunde  |2 gnd-content  |0 (DE-588)4153488-8  |0 (DE-603)085644463 
856 4 2 |m V:DE-603;B:DE-Mb50  |q application/pdf  |u http://scans.hebis.de/HEBCGI/show.pl?47103761_toc.pdf  |3 Inhaltsverzeichnis 
924 0 |9 Mb 50  |a (DE-603)1126882062  |b DE-Mb50  |c HES  |d c  |g 20.04466